| 000 | 01343nam a2200349 c 4500 | ||
|---|---|---|---|
| 003 | BLK | ||
| 005 | 20250331161239.0 | ||
| 008 | 180411b bul|||||r ||||||| ||bul|| | ||
| 010 | _aKNG00176063000 | ||
| 020 |
_a978-619-157-111-6 _bиздат.: Ибис |
||
| 040 | _aBLK | ||
| 041 |
_aBUL _cBUL |
||
| 072 | 7 |
_2bullib _aН83 _xЧужда художествена литература Н |
|
| 080 |
_aАмериканска литература (на САЩ) _b821.111(73) _x-31 _z821.111(73)-31 |
||
| 100 | 1 |
_aКоул, Кресли _eпърви автор _9337751 |
|
| 700 |
_aХристова, Мариана Тошкова _d1981- _9381272 |
||
| 139 |
_aКоул, Кресли _bК 87 |
||
| 245 | 1 | 0 |
_aНеутолимо желание _bРоман _cКресли Коул; прев. Мариана Тошкова Христова. |
| 257 | _aUSA | ||
| 260 |
_аСофия _bИбис _c2015 _fСофия : Симолини |
||
| 300 |
_a344 с. _c21 см |
||
| 380 | _aX | ||
| 500 | _aОриг. загл. A Hunger Like No Other / Kresley Cole. | ||
| 653 | _aромани | ||
| 659 | _aН | ||
| 852 | _aЦб 274426 | ||
| 856 | 4 |
_qpdf _u |
|
| 856 | 4 |
_qpdf _u |
|
| 942 |
_cKNG _n0 _029 |
||
| 944 |
_aCR _c01.06.2015 _lЦветомила Тодорова _k30576 |
||
| 944 |
_aED _c22.03.2016 _lф / _kЛюдмила_Стоянова |
||
| 999 |
_c168188 _d168188 |
||